000
00387nam a2200181Ia 4500
003
IT-RoPAU
008
120407s9999 xx 000 0 und d
040
_a
IT-RoPAU
040
_c
IT-RoPAU
100
_a
Pasquale Casillo
245
_a
La gioia
260
_a
Progetto editoriale Marianao
300
_c
cm
490
_v
1
600
_a
2 copia a parte
942
_c
BK
999
_c
9890
_d
9890